000
00223nam a2200097Ia 4500
008
120527s9999 xx 000 0 und d
100
_a
EEN, Gillis
245
_a
More Innovations for development
260
_b
IT
942
_c
BK
999
_c
25181
_d
25181